Statistics for Georgia Football Opponents Since 2000

Click here to take the quiz!

General Stats

  • This quiz has been taken 104 times
    (67 since last reset)
  • The average score is 39 of 73

Answer Stats

Times PlayedAnswer% Correct
24Florida
98%
12Alabama
96%
25Auburn
94%
23Georgia Tech
91%
24South Carolina
91%
1Texas
91%
24Kentucky
89%
24Tennessee
89%
12Missouri
87%
9Ole Miss
87%
2Texas AM
87%
10Arkansas
85%
11LSU
85%
23Vanderbilt
85%
7Mississippi St
83%
1Ohio St
83%
1Michigan
81%
5Clemson
80%
1Florida St
80%
1Oklahoma
80%
1North Carolina
74%
1Oregon
74%
2Notre Dame
67%
2Texas Christian
67%
5Georgia Southern
63%
2Michigan St
63%
1Virginia
63%
2Nebraska
59%
4UAB
59%
1Central Florida
56%
1Penn St
56%
1Virginia Tech
56%
1Baylor
54%
2Colorado
54%
2Boise St
52%
2Oklahoma St
50%
1Louisville
48%
1West Virginia
48%
2Arizona St
44%
1Cincinnati
44%
1Ball St
43%
2Louisiana Lafayette
43%
2Middle Tennessee St
43%
1Wisconsin
43%
2Purdue
41%
1Massachusetts
39%
1Tennessee Martin
39%
1Hawaii
37%
1Kent St
37%
1Southern
37%
1Florida Atlantic
35%
2Troy
35%
2Appalachian St
33%
1Buffalo
33%
2Charleston Southern
33%
2Samford
33%
2Arkansas St
31%
2Louisiana Monroe
30%
1Western Kentucky
28%
1Austin Peay
26%
1Boston College
26%
1Houston
26%
1Marshall
26%
3New Mexico St
26%
1Coastal Carolina
22%
1Murray St
22%
1Central Michigan
20%
1North Texas
19%
1Idaho St
15%
1Nicholls St
15%
1Tennessee Tech
13%
1Western Carolina
13%
1Northwestern St
4%

Score Distribution

Percentile by Number Answered

Percent of People with Each Score

Your Score History

You have not taken this quiz since the last reset